Every Song by R.E.M. - Statistics

General Stats
  • This quiz has been taken 41 times
    35 since last reset
  • The average score is 56 of 236
Answer Stats
Hint Answer % Correct
Out of Time(1991) Losing My Religion
93%
Automatic for the People(1992) Drive
79%
Automatic for the People(1992) Man on the Moon
79%
Green(1988) Orange Crush
79%
Out of Time(1991) Shiny Happy People
79%
Automatic for the People(1992) Everybody Hurts
75%
Document(1987) | Eponymous(1988) It's the End of the World as We Know It (And I Feel Fine)
75%
Eponymous(1988) | Murmur(1983) Radio Free Europe
75%
Document(1987) | Eponymous(1988) The One I Love
71%
Monster(1994) What's the Frequency, Kenneth?
71%
Automatic for the People(1992) Nightswimming
68%
Green(1988) Stand
64%
Automatic for the People(1992) The Sidewinder Sleeps Tonite
61%
Green(1988) Pop Song 89
57%
Eponymous(1988) | Fables of the Reconstruction(1985) Driver 8
54%
New Adventures in Hi-Fi(1996) E-Bow the Letter
54%
Monster(1994) Crush with Eyeliner
50%
Eponymous(1988) | Lifes Rich Pageant(1986) Fall on Me
50%
Document(1987) | Eponymous(1988) Finest Worksong
50%
Chronic Town(1982) | Eponymous(1988) Gardening at Night
46%
Eponymous(1988) | Reckoning(1984) So. Central Rain (I'm Sorry)
46%
Automatic for the People(1992) Star Me Kitten
46%
Document(1987) Strange
46%
Reveal(2001) All the Way to Reno (You're Gonna Be a Star)
43%
Eponymous(1988) (Don't Go Back to) Rockville
43%
Document(1987) Exhuming McCarthy
43%
Automatic for the People(1992) Find the River
43%
Automatic for the People(1992) Ignoreland
43%
Out of Time(1991) Texarkana
43%
Automatic for the People(1992) Try Not to Breathe
43%
Accelerate(2008) Accelerate
39%
Document(1987) Disturbance at the Heron House
39%
Reckoning(1984) (Don't Go Back To) Rockville
39%
Out of Time(1991) Me in Honey
39%
Automatic for the People(1992) Monty Got a Raw Deal
39%
Monster(1994) Strange Currencies
39%
Around the Sun(2004) Around the Sun
36%
Up(1998) At My Most Beautiful
36%
Monster(1994) Bang and Blame
36%
Lifes Rich Pageant(1986) Begin the Begin
36%
Fables of the Reconstruction(1985) Can't Get There From Here
36%
Eponymous(1988) Can't Get There from Here
36%
Out of Time(1991) Country Feedback
36%
Reveal(2001) Imitation of Life
36%
Document(1987) King of Birds
36%
Out of Time(1991) Near Wild Heaven
36%
Document(1987) Oddfellows Local 151
36%
In Time: The Best of R.E.M. 1988-2003(2003) The Great Beyond
36%
Green(1988) World Leader Pretend
36%
Monster(1994) You
36%
Lifes Rich Pageant(1986) Cuyahoga
32%
New Adventures in Hi-Fi(1996) Electrolite
32%
Green(1988) Get Up
32%
Around the Sun(2004) Leaving New York
32%
Out of Time(1991) Low
32%
Fables of the Reconstruction(1985) Maps and Legends
32%
Monster(1994) Star 69
32%
Collapse into Now(2011) Überlin
32%
New Adventures in Hi-Fi(1996) Binky the Doormat
29%
Chronic Town(1982) Carnival of Sorts (Box Cars)
29%
Murmur(1983) Catapult
29%
Green(1988) Hairshirt
29%
Reckoning(1984) Harborcoat
29%
Fables of the Reconstruction(1985) Life and How to Live It
29%
Reckoning(1984) Pretty Persuasion
29%
Automatic for the People(1992) Sweetness Follows
29%
Lifes Rich Pageant(1986) The Flowers of Guatemala
29%
Green(1988) Turn You Inside Out
29%
Green(1988) Untitled
29%
Chronic Town(1982) 1,000,000
25%
In Time: The Best of R.E.M. 1988-2003(2003) Bad Day
25%
New Adventures in Hi-Fi(1996) Bittersweet Me
25%
Collapse into Now(2011) Blue
25%
Up(1998) Daysleeper
25%
Fables of the Reconstruction(1985) Green Grow the Rushes
25%
New Adventures in Hi-Fi(1996) How the West was Won and Where It Got Us
25%
Up(1998) Lotus
25%
New Adventures in Hi-Fi(1996) New Test Leper
25%
Murmur(1983) Pilgrimage
25%
Murmur(1983) Sitting Still
25%
Accelerate(2008) Supernatural Superserious
25%
Lifes Rich Pageant(1986) Swan Swan H
25%
Green(1988) The Wrong Child
25%
Green(1988) You Are the Everything
25%
Reckoning(1984) 7 Chinese Bros.
21%
Up(1998) Airportman
21%
Fables of the Reconstruction(1985) Auctioneer (Another Engine)
21%
Out of Time(1991) Belong
21%
New Adventures in Hi-Fi(1996) Be Mine
21%
Reckoning(1984) Camera
21%
Monster(1994) Circus Envy
21%
Fables of the Reconstruction(1985) Feeling Gravity's Pull
21%
Out of Time(1991) Half a World Away
21%
Accelerate(2008) Houston
21%
Lifes Rich Pageant(1986) Hyena
21%
Lifes Rich Pageant(1986) I Believe
21%
Accelerate(2008) I'm Gonna DJ
21%
Green(1988) I Remember California
21%
Monster(1994) King of Comedy
21%
Monster(1994) Let Me In
21%
Accelerate(2008) Living Well is the Best Revenge
21%
New Adventures in Hi-Fi(1996) Low Desert
21%
Accelerate(2008) Man-Sized Wreath
21%
Collapse into Now(2011) Oh My Heart
21%
Fables of the Reconstruction(1985) Old Man Kensey
21%
Murmur(1983) Perfect Circle
21%
Eponymous(1988) | Murmur(1983) Talk About the Passion
21%
New Adventures in Hi-Fi(1996) The Wake-Up Bomb
21%
Reckoning(1984) Time after Time (Annalise)
21%
Monster(1994) Tongue
21%
New Adventures in Hi-Fi(1996) Undertow
21%
Fables of the Reconstruction(1985) Wendell Gee
21%
Chronic Town(1982) Wolves, Lower
21%
New Adventures in Hi-Fi(1996) Zither
21%
Murmur(1983) 9–9
18%
New Adventures in Hi-Fi(1996) Departure
18%
Collapse into Now(2011) Discoverer
18%
Around the Sun(2004) Electron Blue
18%
Out of Time(1991) Endgame
18%
Document(1987) Fireplace
18%
Accelerate(2008) Horse to Water
18%
Monster(1994) I Don't Sleep, I Dream
18%
Monster(1994) I Took Your Name
18%
Fables of the Reconstruction(1985) Kohoutek
18%
In Time: The Best of R.E.M. 1988-2003(Bonus)(2003) | New Adventures in Hi-Fi(1996) Leave
18%
Reckoning(1984) Little America
18%
Murmur(1983) Moral Kiosk
18%
Accelerate(2008) Mr. Richards
18%
Lifes Rich Pageant(1986) Underneath the Bunker
18%
Murmur(1983) West of the Fields
18%
Murmur(1983) We Walk
18%
Dead Letter Office(1987) | Fables of the Reconstruction(B-Sides)(1985) Crazy
14%
Fables of the Reconstruction(1985) Good Advices
14%
Accelerate(2008) Hollow Man
14%
Up(1998) Hope
14%
Lifes Rich Pageant(1986) Just a Touch
14%
Murmur(1983) Laughing
14%
Document(1987) Lightnin' Hopkins
14%
Collapse into Now(2011) Mine Smell Like Honey
14%
Automatic for the People(1992) New Orleans Instrumental No. 1
14%
Up(1998) Parakeet
14%
Up(1998) Sad Professor
14%
Reveal(2001) Saturn Return
14%
New Adventures in Hi-Fi(1996) So Fast, So Numb
14%
Up(1998) The Apologist
14%
Lifes Rich Pageant(1986) These Days
14%
Up(1998) Walk Unafraid
14%
Document(1987) Welcome to the Occupation
14%
Dead Letter Office(Bonus)(1987) All the Right Friends
11%
In Time: The Best of R.E.M. 1988-2003(2003) Animal
11%
Reveal(2001) Beachball
11%
Reveal(2001) Beat a Drum
11%
Dead Letter Office(1987) | Fables of the Reconstruction(B-Sides)(1985) Burning Hell
11%
Up(1998) Diminished
11%
Reveal(2001) Disappear
11%
Up(1998) Falls to Climb
11%
Reveal(2001) I'll Take the Rain
11%
Reveal(2001) I've Been High
11%
Reckoning(1984) Letter Never Sent
11%
Murmur(1983) Shaking Through
11%
Chronic Town(1982) Stumble
11%
Up(1998) Suspicion
11%
Accelerate(2008) Until the Day is Done
11%
Lifes Rich Pageant(1986) What If We Give It Away?
11%
Dead Letter Office(1987) Ages of You
7%
Dead Letter Office(1987) Bandwagon
7%
Around the Sun(2004) Boy in the Well
7%
Dead Letter Office(1987) Burning Down
7%
Reveal(2001) Chorus and the Ring
7%
The Automatic Box(1993) Fretless
7%
Up(1998) I'm Not Over You
7%
Around the Sun(2004) I Wanted to Be Wrong
7%
Collapse into Now(2011) Me, Marlon Brando, Marlon Brando and I
7%
The Automatic Box(1993) New Orleans Instrumental No. 2
7%
Reckoning(1984) Second Guessing
7%
Reveal(2001) She Just Wants to Be
7%
Accelerate(2008) Sing for the Submarine
7%
Reveal(2001) Summer Turns to High
7%
Around the Sun(2004) The Outsiders
7%
Up(1998) Why Not Smile
7%
Dead Letter Office(1987) Windout
7%
Reckoning(Bonus)(1984) Wind Out (with Friends)
7%
Up(1998) You're in the Air
7%
Around the Sun(2004) Aftermath
4%
Collapse into Now(2011) All the Best
4%
The Automatic Box(1993) Chance (Dub)
4%
Collapse into Now(2011) Every Day is Yours to Win
4%
Around the Sun(2004) Final Straw
4%
Around the Sun(2004) High Speed Train
4%
Around the Sun(2004) Make It All Okay
4%
In Time: The Best of R.E.M. 1988-2003(Bonus)(2003) Revolution
4%
Eponymous(1988) Romance
4%
Dead Letter Office(1987) Rotary Ten
4%
Around the Sun(2004) The Ascent of Man
4%
Reveal(2001) The Lifting
4%
Around the Sun(2004) The Worst Joke Ever
4%
Dead Letter Office(1987) Voice of Harold
4%
Collapse into Now(2011) Walk It Back
4%
Dead Letter Office(1987) Walters Theme
4%
Around the Sun(2004) Wanderlust
4%
Part Lies, Part Heart, Part Truth, Part Garbage 1982–2011(2011) We All Go Back to Where We Belong
4%
Dead Letter Office(1987) | Reckoning(Bonus)(1984) White Tornado
4%
In Time: The Best of R.E.M. 1988-2003(Bonus)(2003) 2JN
0%
Accelerate(Bonus)(2008) Airliner
0%
Collapse into Now(2011) Alligator_Aviator_Autopilot_Antimatter
0%
Part Lies, Part Heart, Part Truth, Part Garbage 1982–2011(2011) A Month of Saturdays
0%
Up(B-Sides)(1998) Emphysema
0%
The Automatic Box(1993) Fruity Organ
0%
Part Lies, Part Heart, Part Truth, Part Garbage 1982–2011(2011) Hallelujah
0%
Collapse into Now(2011) It Happened Today
0%
The Automatic Box(1993) It's a Free World Baby
0%
In Time: The Best of R.E.M. 1988-2003(Bonus)(2003) It's a Free World, Baby
0%
Document(B-Sides)(1987) Last Date
0%
Part Lies, Part Heart, Part Truth, Part Garbage 1982–2011(2011) Life and How to Life It
0%
The Automatic Box(1993) Mandolin Strum
0%
The Automatic Box(1993) Organ Song
0%
Out of Time(1991) Radio One
0%
Accelerate(Bonus)(2008) Red Head Walking
0%
Up(B-Sides)(1998) Surfing the Gangres
0%
Collapse into Now(2011) That Someone is You
0%
Document(B-Sides)(1987) Time After Time, Etc
0%
Lifes Rich Pageant(Bonus)(1986) Tired of Singing Trouble
0%
The Automatic Box(1993) Winged Mammal Theme
0%
No matching quizzes found
Score Distribution
Percent of People with Each Score
Percentile by Number Answered
Your Score History
You have not taken this quiz since the last reset